Представление документа в формате MARC21

ПолеНазваниеЗначение
  Тип записи a
  Библиографический уровень m
001 Контрольный номер RU/URAIT/589720
005 Дата корректировки 20260429163648.1
008 Кодируемые данные 260429s2026 RU y f j 000 0 rus u
020 Индекс ISBN __
a ISBN 978-5-534-18988-9
c Цена, тираж 629.00
040 Источник каталогиз. __
a Служба первич. каталог. ИКО Юрайт
c Служба, преобразующая запись ИКО Юрайт
e Правила каталог. RCR
041 Код языка издания __
a Код языка текста rus
044 Код страны публикации __
a Код страны публикации RU
080 Индекс УДК __
a Индекс УДК 314(075.8)
084 Индекс другой классификации/Индекс ББК __
2 Источник индекса rubbk
a Индекс другой классификации/Индекс ББК 60.7я73
100 Автор __
a Автор Ростовская Т. К.
q Полное имя Ростовская Тамара Керимовна
245 Заглавие __
a Заглавие Глобальная демография и национальная безопасность
b Продолж. заглавия учебник для вузов
c Ответственность Т. К. Ростовская, М. Н. Храмова, К. А. Чернышев.
256 Характеристики компьютерного файла __
a Характеристики компьютерного файла Электрон. дан.
260 Выходные данные __
a Место издания Москва
b Издательство Юрайт
c Дата издания 2026
300 Физическое описание __
a Объем 109 с
440 Серия __
a Серия Высшее образование
500 Примечания __
a Примечание URL: https://urait.ru/bcode/589720 (дата обращения: 29.04.2026).
520 Аннотация __
a Аннотация В учебном пособии освещены теоретические и практические вопросы в области демографии, дающие возможность сформировать представление о современных демографических тенденциях в мире с учетом особенностей социально-экономического развития стран и регионов. Отдельные разделы посвящены демографической безопасности в глобальном и региональном измерении. Соответствует актуальным требованиям федерального государственного образовательного стандарта высшего образования. Для студентов высших учебных заведений, обучающихся по всем направлениям.
538 Прим. о системных особенностях __
a Прим. о системных особенностях Режим доступа: Электронно-библиотечная система Юрайт, для авториз. пользователей
653 Ключевые слова __
a Ключевые слова Специальные социологические дисциплины
653 Ключевые слова __
a Ключевые слова Общественные науки
653 Ключевые слова __
a Ключевые слова Демографические аспекты безопасности государства
653 Ключевые слова __
a Ключевые слова Демографическая безопасность РФ
653 Ключевые слова __
a Ключевые слова Основы демографической безопасности
653 Ключевые слова __
a Ключевые слова Социально-демографическая безопасность
653 Ключевые слова __
a Ключевые слова Институционально- правовое обеспечение демографической безопасности
700 Другие авторы __
a Другие авторы Храмова М. Н.
q Полное имя Храмова Марина Николаевна
700 Другие авторы __
a Другие авторы Чернышев К. А.
q Полное имя Чернышев Константин Анатольевич
856 Электронный адрес документа 40
n Местонахождение сервера Юрайт
g Электронная книга
q Тип электронного формата html
h Имя пользователя ЮРАЙТ
v Часы доступа к ресурсу 20271231
2 Способ доступа Показать документ
x Служебное примечание https://urait.ru/book/cover/9A5B826C-3D41-4C20-8CE5-9DB185FB3BC8
u URL https://urait.ru/bcode/589720
856 Электронный адрес документа 48
q Тип электронного формата cover
u URL https://urait.ru/book/cover/9A5B826C-3D41-4C20-8CE5-9DB185FB3BC8
911 __
u 0030=https://urait.ru/bcode/589720
911 __
u 073a=9785534189889
u 073d=629.00
911 __
u 106a=s
911 __
u 900l=
952 Тип литературы __
i Дисциплина Демографические аспекты безопасности государства
952 Тип литературы __
i Дисциплина Демографическая безопасность РФ
952 Тип литературы __
i Дисциплина Основы демографической безопасности
952 Тип литературы __
i Дисциплина Социально-демографическая безопасность
952 Тип литературы __
i Дисциплина Институционально- правовое обеспечение демографической безопасности